01083cam a2200301 a 450000100090000000300050000900500170001400800410003101000170007202000220008903800110011104000180012204300120014005000260015208200160017810000200019424500760021425000340029026000460032430000270037065000400039765000320043765100230046965500220049285600990051485600770061385600910069013627091NUST20190103050222.0040617r20041977nyu 000 1 eng  a 2004555325 a140003342X (pbk.) awaseem aDLCcDLCdDLC an-us-mi00aPS3563.O8749bS6 200400a813.54bMOR1 aMorrison, Toni.10aSong of Solomon /cToni Morrison ; [with a new foreword by the author]. a1st Vintage International ed. aNew York :bVintage International,c2004. axiii, 337 p. ;c21 cm. 0aAfrican American familiesvFiction. 0aAfrican AmericansvFiction. 0aMichiganvFiction. 0aDomestic fiction.423Contributor biographical informationuhttp://www.loc.gov/catdir/bios/random051/2004555325.html413Sample textuhttp://www.loc.gov/catdir/samples/random051/2004555325.html423Publisher descriptionuhttp://www.loc.gov/catdir/description/random051/2004555325.html